00631nam a2200193 i 450000100060000000300090000600500170001500700030003200800410003508000310007624500890010726000300019630000510022660000360027765500400031370000210035371100420037485200210041645034ES-MaACL20230906161136.0t|030325s1984 sp af |||| |dspa d a75 Clavé, Antoni (064.3)00aAntoni Clavé b: Pabellón de España, Bienal de Venecia, junio-septiembre 1984. a[Madrid : bs.n., c1984] a120 p., 94 lám. : bil. col. y n. ; c31 cm.14aClavé, Antoni-vExposiciones. 72tgfbneaCatálogos de exposiciones1 aClavé, Antoni.2 aBiennale di Venezia (n41ª. d1984.  aES-MaACLjL-6055